000 00918nam a2200277Ia 4500
003 OSt
005 20221005103258.0
006 a|||||r|||| 00| 0
007 ta
008 221004b |||||||| |||| 00| 0 hin d
020 _a8188075302 (pbk)
_cIndian Rupees 40
024 _a27971
037 _bGift, 24/10/2016,
_cTextual
040 _aCRL
_cCRL
_bhin
041 _2hin
_ahin
082 _aO152,2M50,BD, Q1
100 _aचौधरी, लालसिंह
245 0 _aभारत दुर्दशा
246 _aBhārat durdashā
260 _aगाजियाबाद
_bपचौरी प्रकाशन भारत
_c2011
300 _a54पृ0
_ccm.
490 _vर्
650 _aहिन्दी साहित्य
942 _hO152,2M50,BD, Q1
_cTEXL
_2cc
999 _c1009778
_d1009778